Making money to live on : a step-by-step guide to starting your own profitable, income producing business /

Збережено в:
Бібліографічні деталі
Автор: Odijk, Herman
Формат: Книга
Мова:English
Опубліковано: Caboolture, Qld. : Struck Oil Management Services, 2000.
Редагування:4th ed.
Предмети:
LEADER 01585cam a2200409 a 4500
001 c000390546
003 CARM
005 20120618092847.0
008 120618s2000 qeaa b 001 0 eng d
019 1 |a 21532627  |5 LACONCORD2021 
020 |a 0958570485 (pbk.) 
035 |a (OCoLC)45755665  |5 LACONCORD2021 
040 |a ANL  |b eng  |c QSCUC 
042 |a anuc 
043 |a u-at--- 
050 4 |a HD62.7  |b .O34 2000 
082 0 4 |a 658.0220994  |2 21 
100 1 |a Odijk, Herman. 
245 1 0 |a Making money to live on :  |b a step-by-step guide to starting your own profitable, income producing business /  |c Herman Odijk. 
250 |a 4th ed. 
260 |a Caboolture, Qld. :  |b Struck Oil Management Services,  |c 2000. 
300 |a viii, 203 p. :  |b tables ;  |c 30 cm. 
500 |a "Includes the latest GST, PAYG, Income Tax and Company Tax Rules and Examples." 
500 |a Includes index. 
504 |a Includes bibliographical references and index. 
650 0 |a Small business  |z Australia  |x Management. 
650 0 |a Small business  |x Management. 
650 0 |a Entrepreneurship  |z Australia. 
650 0 |a Entrepreneurship. 
650 0 |a New business enterprises. 
650 0 |a New business enterprises  |z Australia. 
650 0 |a Value-added tax  |z Australia. 
852 8 |b CARM  |p 0581222  |f BK 
852 8 |b SCAN  |h A3:AG27C0  |i F08302  |p 0581222  |f BK 
999 f f |i 1db48a9a-d95a-5411-8938-24ad2f1028cd  |s 8197f260-422c-52e3-a820-546f54a5288d 
952 f f |p Can circulate  |a CAVAL  |b CAVAL  |c CAVAL  |d CARM 1 Store  |i book  |m 0581222 
952 f f |a CAVAL  |b CAVAL  |c CAVAL  |d Unmapped Location  |e F08302  |f A3:AG27C0  |h Other scheme